| 000 | 00657nam a2200253Ia 4500 | ||
|---|---|---|---|
| 008 | 160803s9999 xx 000 0 und d | ||
| 020 | _a 978-0545035170 | ||
| 100 | _aR.L, Stine | ||
| 245 | _aNight of the living dummy / | ||
| 245 | _cR.L. Stine. | ||
| 260 | _aNew York : | ||
| 260 | _bScholastic Inc. | ||
| 260 | _c1993 | ||
| 300 | _a132 pages ; | ||
| 300 | _c20 cm. | ||
| 500 | _aReprint. Originally published: 1993. With additional material. | ||
| 650 | _aHorror fiction. | ||
| 650 | _aHorror stories. | ||
| 650 | _aHorror tales. | ||
| 650 | _aVentriloquism -- | ||
| 650 | _aVentriloquism. | ||
| 650 | _xFiction. | ||
| 700 | _a590 | ||
| 999 |
_c298466 _d298466 |
||